| Tag |
First Indicator |
Second Indicator |
Subfields |
| LEADER |
00000cam a2200000 i 4500 |
| 001 |
in00000019675 |
| 005 |
20151007053706.0 |
| 008 |
760423s1911 nyuaf 00011 eng d |
| 035 |
|
|
|a (OCoLC)02133875
|
| 035 |
|
|
|9 AAB2495AM
|
| 040 |
|
|
|a EYE
|c EYE
|d m.c.
|d TXA
|d UtOrBLW
|
| 049 |
|
|
|a TXAM
|c [A12591420]
|
| 050 |
|
4 |
|a PS3505.U92
|b P52 1911
|
| 100 |
1 |
|
|a Curwood, James Oliver,
|d 1878-1927.
|
| 245 |
1 |
0 |
|a Steele of the Royal Mounted (Philip Steele) :
|b a story of the great Canadian Northwest /
|c by James Oliver Curwood ; with frontispiece by Gayle Hoskins.
|
| 264 |
|
1 |
|a New York :
|b A. L. Burt,
|c [1911]
|
| 264 |
|
4 |
|c ©1911
|
| 300 |
|
|
|a 306 pages, 1 unnumbered leaf of plates :
|b illustrations ;
|c 20 cm.
|
| 336 |
|
|
|a text
|b txt
|2 rdacontent
|
| 337 |
|
|
|a unmediated
|b n
|2 rdamedia
|
| 338 |
|
|
|a volume
|b nc
|2 rdacarrier
|
| 500 |
|
|
|a Librarys copy imperfect: title page wanting.
|
| 740 |
0 |
|
|a Philip Steele.
|
| 999 |
|
|
|a MARS
|
| 999 |
f |
f |
|s 6f5e11da-84ee-3bf0-a6c4-a1ba050829d5
|i 3e80a35d-68e0-3166-887e-3a64737e00af
|t 0
|
| 952 |
f |
f |
|p ric
|a Texas A&M University
|b Rellis Campus
|c Joint Library Facility
|d Remote Storage
|t 0
|e PS3505.U92 P52 1911
|h Library of Congress classification
|i unmediated -- volume
|m A14812591420
|
| 998 |
f |
f |
|a PS3505.U92 P52 1911
|t 0
|l Remote Storage
|